Batman Villains by Picture - Statistics

General Stats
  • This quiz has been taken 170 times
  • The average score is 14 of 16
Answer Stats
Picture Answer % Correct
Catwoman/Selina Kyle
100%
Bane/Eduardo Dorrance
99%
Penguin/Oswald Cobblepot
98%
The Joker/Joker
98%
Two-Face/Harvey Dent
97%
Harley Quinn/Harleen Quinzel
96%
Riddler/Edward Nygma
95%
Scarecrow/Jonathan Crane
95%
Mr. Freeze/Victor Fries
93%
Deadshot/Floyd Lawton
81%
Mad Hatter/Jervis Tetch
80%
Black Mask/Roman Sionis
78%
Ra's Al Ghul
78%
Firefly/Garfield Lynns
77%
Hush/Thomas Elliott
70%
Hugo Strange
65%
No matching quizzes found
Score Distribution
Percent of People with Each Score
Percentile by Number Answered
Your Score History
You have not taken this quiz